|
|
|
|
| LEADER |
00000nam0a2200000 4500 |
| 001 |
363562 |
| 005 |
20231102011613.0 |
| 035 |
|
|
|a (RuTPU)RU\TPU\retro\20909
|
| 090 |
|
|
|a 363562
|
| 100 |
|
|
|a 20211004d1980 k y0rusy50 ca
|
| 101 |
0 |
|
|a rus
|
| 102 |
|
|
|a RU
|
| 105 |
|
|
|a a z 001zy
|
| 200 |
1 |
|
|a Совершенствование сжигания газа и мазута в топках котлов и снижение вредностей в продуктах сгорания
|e межвузовский тематический сборник трудов
|f Ленинградский инженерно-строительный институт
|
| 210 |
|
|
|a Ленинград
|c [Б. и.]
|d 1980
|
| 215 |
|
|
|a 132 с.
|c ил.
|
| 320 |
|
|
|a Библиография в конце статей
|
| 606 |
1 |
|
|a Котельные установки
|x Топливо
|2 stltpush
|3 (RuTPU)RU\TPU\subj\16014
|9 42209
|
| 610 |
1 |
|
|a газ
|
| 610 |
1 |
|
|a мазут
|
| 610 |
1 |
|
|a твердое топливо
|
| 610 |
1 |
|
|a сжигание в котлах
|
| 610 |
1 |
|
|a сжигание в топках
|
| 610 |
1 |
|
|a вредности
|
| 610 |
1 |
|
|a снижение
|
| 610 |
1 |
|
|a термическая дезодорация
|
| 610 |
1 |
|
|a обезвреживание
|
| 610 |
1 |
|
|a воздушная среда
|
| 610 |
1 |
|
|a защита от загрязнений
|
| 610 |
1 |
|
|a научно-исследовательские работы
|
| 675 |
|
|
|a 621.182.2-6
|v 4
|
| 712 |
0 |
2 |
|a Ленинградский инженерно-строительный институт
|c (1941-1992)
|2 stltpush
|3 (RuTPU)RU\TPU\col\7808
|9 24389
|
| 801 |
|
1 |
|a RU
|b 63413507
|c 20211004
|
| 942 |
|
|
|c BK
|